Taylor v Hamer (Record no. 71973)

MARC details
000 -LEADER
fixed length control field 01611cam a2200229 4500
001 - CONTROL NUMBER
control field ABS66384
008 - FIXED-LENGTH DATA ELEMENTS--GENERAL INFORMATION
fixed length control field 030127n2003 000 0 eng u
035 ## - SYSTEM CONTROL NUMBER
System control number (Sirsi) u121128
245 ## - TITLE STATEMENT
Title Taylor v Hamer
260 ## - PUBLICATION, DISTRIBUTION, ETC.
Date of publication, distribution, etc. 2003
490 ## - SERIES STATEMENT
Series statement Estates Gazette
Volume/sequential designation [2003] 03 EG 127-137(11)
520 ## - SUMMARY, ETC.
Summary, etc. [2002] EWCS Civil 1130, 31 July 2002. Appellant (T) had agreed by a contract of 29 May 1997 to purchase a house from respondent (H) and had visited the property on a number of occasions before exchange of contracts. The property included several separate gardens, one of which, called the dog garden, was covered substantially with flagstones. Many of these were lifted, stacked and replaced by grass in early May on the instructions of H's husband. An enquiry on 23 May on behalf of T elicited the response that the flagstones were not included in the sale and would be removed by the vendor. County Court found H guilty of deceit, the damages for which included replacing but not relaying the flagstones, but dismissed the breach of contract claim. T appealed. "Held", appeal allowed, one judge dissenting. H was ordered to restore the flagstones to their former location. They were deemed to be part of 'all the property' identified in the contract and the property included things fixed to, and forming part of the land. Breach of contract had occurred.
590 ## - LOCAL NOTE (RLIN)
Local note ABS
650 ## - SUBJECT ADDED ENTRY--TOPICAL TERM
Topical term or geographic name entry element VENDORS
650 ## - SUBJECT ADDED ENTRY--TOPICAL TERM
Topical term or geographic name entry element PURCHASERS
650 ## - SUBJECT ADDED ENTRY--TOPICAL TERM
Topical term or geographic name entry element FLAGSTONES
650 ## - SUBJECT ADDED ENTRY--TOPICAL TERM
Topical term or geographic name entry element BREACH OF CONTRACT
650 ## - SUBJECT ADDED ENTRY--TOPICAL TERM
Topical term or geographic name entry element PHILLIPS V LAMDIN
650 ## - SUBJECT ADDED ENTRY--TOPICAL TERM
Topical term or geographic name entry element TAYLOR V HAMER
690 ## - LOCAL SUBJECT ADDED ENTRY--TOPICAL TERM (OCLC, RLIN)
Topical term or geographic name as entry element PROPERTY AND LAND LAW-CASE LAW
942 ## - ADDED ENTRY ELEMENTS (KOHA)
Suppress in OPAC 0
Holdings
Withdrawn status Lost status Source of classification or shelving scheme Damaged status Not for loan Home library Current library Shelving location Date acquired Total Checkouts Full call number Barcode Date last seen Copy number Price effective from Koha item type
    Dewey Decimal Classification     London London Journal article 27/01/2003   ABS66384 121128-1001 06/08/2019 1 06/08/2019 Law report